000 00499nam a2200205Ia 4500
003 0100
008 130303s9999 xx 000 0 und d
020 _a0691033129
040 _cARRUPELIB
050 _aB171.V538 1995
100 _aVlastos, Gregory
245 _aStudies in Greek philosophy
245 _bSocrates, Plato, and their tradition
260 _aNew Jersey
260 _bPrinceton University Press
260 _C1995
300 _a2 Vols.
650 _aPHILOSOPHY
942 0 0 _04
999 _c12039
_d12039